| 000 | 00912nam a2200289 a 4500 | ||
|---|---|---|---|
| 001 | 26516 | ||
| 003 | CO-ViMGA | ||
| 005 | 20230915224034.0 | ||
| 008 | 141112s2004 ck r 000 u spa d | ||
| 020 | _a9789681662301 | ||
| 035 | _aAHF0260 LA | ||
| 040 |
_aCO-ViMGA _bspa _cCO-ViMGA |
||
| 041 | _aspa fre | ||
| 043 | _ae - fr - - - | ||
| 090 | _aC LEN1 | ||
| 100 | 1 |
_aLenain, Thierry. _95857 |
|
| 245 | 1 | 0 |
_aLa niña del canal / _cThierry Lenain ; ilustraciones de Anne Victoire ; traducción de Patricia Gutiérrez Otero. |
| 260 |
_aMéxico : _bFondo de Cultura Económica |
||
| 300 | _a52 p. : il. ; 19 cm. | ||
| 490 | _aA la orilla del viento ; 135 | ||
| 500 | _aCatalogación en la fuente | ||
| 650 | 1 | 4 |
_aCUENTOS INFANTILES FRANCESES _92812 |
| 650 | 1 | 4 |
_aMUÑECA - - CUENTOS _95858 |
| 700 | 1 | _aGutiérrez Otero, Patricia, tr. | |
| 700 | 1 |
_aVictoire, Anne, il. _95860 |
|
| 942 |
_2ddc _cBK |
||
| 999 |
_c11029 _d11029 |
||